00767nam a2200205 a 450000100100000000500170001000800410002704000250006810000260009324501080011925000110022726000350023830000210027349000270029450000420032170000390036383000310040295201110043399900170054400004021220201002034003.0130819s1969 sp 000 0 spa d aDO-SdBNPbspacBNPHU1 aVega, Lope, de95917910aPeribáñez y el comendador de ocaña /cLope de Vega ; edición y prólogo Alonso Zamora Vicente. a2a ed. aMadrid :bEspasa-Calpe,c1969. a282 p. ;c20 cm.1 aClásicos Castellanos aIncluye notas al pie de las páginas1 aZamora Vicente, Alonso,eed.93327 0aClasicos Castellanos94180 001054708MOaGRbGRcCTd2013-08-19iLF1l0o p40212-10r2020-06-25w2020-06-25y4ZPréstamo en sala c39702d39702